LEADER 01124nam a2200205 i 4500 001 000000154945 003 CaOOAMICUS 005 20061030000000.0 008 061030s1922 it u000 u ita u 013 $a132294 040 $aSeMil$bita 245 13$aLa Palestine, la Syrie centrale, la Basse Égypte, Naples, Athènes, l'Archipel, Constantinople :$bguide historique et pratique avec Cartes et Plans nouveaux par des professeur de Notre-Dame de France a Jérusalem. 250 $a3a édition soigneusement revue et augmentée. 260 $aParis :$b[s.n.],$c1922. 300 $aXLIV, 802 p., [75] p. di tav. ;$c16 cm. 650 4$aPalestina - Guide.$0(OLS)http://semarc/subject/29905 850 $aSeMil 852 $aSeMil$W1$xVenegono$y1$m4Y II 8$j106796$B106796$CSeMilBibl$Z2$F116059 $81 996 $6245$aLa Palestine, la Syrie centrale, la Basse Égypte, Naples, Athènes, l'Archipel, Constantinople :$bguide historique et pratique avec Cartes et Plans nouveaux par des professeur de Notre-Dame de France a Jérusalem$9(OLS)http://semarc/title/226851 996 $6260$aParis :$b[s.n.]$9(OLS)http://semarc/publisher/30519 LEADER 01132nam a2200253 i 4500 001 000000244595 003 CaOOAMICUS 005 20151015000000.0 008 151015s1995 it u000 u ita u 013 $a223500 020 $a88-7030-491-4 040 $aSeMil$bita 245 10$aIntellettuali e società nella Francia del Novecento :$bstudi e ricerche /$cGiorgio Campanini. 260 $aMilano :$bMassimo,$c1995. 300 $a222 p. ;$c20 cm. 490 0 $aProblemi del nostro tempo ;$v91 500 $aContiene : Appendice. 650 4$aIntellettuali - Francia - Sec. 20.$0(OLS)http://semarc/subject/11387 650 4$aFrancia - Cultura - Sec. 20.$0(OLS)http://semarc/subject/42572 650 4$aIntellettuali francesi - Atteggiamento politico - Sec. 20.$0(OLS)http://semarc/subject/42573 830 0$aProblemi del nostro tempo ;$v91.$0(OLS)http://semarc/title/7322 996 $6020$a88-7030-491-4$9(OLS)http://semarc/number/252907 996 $6245$aIntellettuali e società nella Francia del Novecento :$bstudi e ricerche$9(OLS)http://semarc/title/346481 996 $6260$aMilano :$bMassimo$9(OLS)http://semarc/publisher/30297